000 00414nam a2200181Ia 4500
001 20127
005 20260306172743.0
008 260306t1988||||xx |||||||||||||| ||spa||
041 _aESP
082 _a342.51146
_bE84
100 _aEspaña
_eAUT
245 0 _aConvenios de extradición
260 _c1988
300 _a687 páginas :
_c21 cm.
650 _aGEN
654 _aCDE
942 _cLIB
_dJUS
_fJUS
_2ddc
_n
999 _c20127
_d20127